Państwa tracące ludność do 2070 - Statystyki

Ogólne statystyki
  • Ten quiz został rozwiązany 8 919 razy
  • Średni wynik to 11 z 20
Statystyki odpowiedzi
Utrata % Państwo % Poprawnych
9.05 m 24 Polska
96%
181 m 13 Chiny
90%
16.7 m 11 Rosja
90%
7.32 m 8.7 Niemcy
86%
14.0 m 32 Ukraina
79%
36.0 m 28 Japonia
77%
8.73 m 19 Hiszpania
75%
13.6 m 23 Włochy
70%
1.44 m 15 Białoruś
60%
2.23 m 22 Portugalia
58%
12.7 m 25 Korea Południowa
57%
2.67 m 26 Grecja
55%
5.11 m 27 Rumunia
52%
2.46 m 25 Bułgaria
46%
2.87 m 33 Serbia
45%
2.00 m 21 Węgry
44%
12.5 m 18 Tajlandia
26%
4.30 m 18 Tajwan
24%
2.71 m 24 Kuba
10%
1.57 m 7.3 Sri Lanka
9%
Nie znaleziono quizów pasujących do podanych kryteriów
Rozkład punktacji
Procent ludzi z każdym wynikiem
Percentyl według liczby udzielonych odpowiedzi
Twoja historia wyników
Nie rozwiązałeś tego quizu